000 01032cab a2200277 4500
001 ABS39270
008 090401t1988 xxu||||| |||| 00| 0 eng d
035 _a(Sirsi) u15597
041 _aeng
100 _aBlackler, A.
245 _aJCT Management Contract : An architect`s guide 4 Conditions : Section 4
260 _c1988
350 _a0
490 _aArchitects` Journal
_v187(25) 22 June 1988, 61-64(4)
520 _aPart four in a series of articles which consider the conditions of the JCT standard form of management contract . This part concentrates on payment s made under the contract. Lists the powers and duties of the management contractor for sections 6 to 9 of the contract conditions.
650 _aBUILT ENVIRONMENT-BUILDING CONTRACT FORMS
650 _aFEES
650 _aINTERIM CERTIFICATES
650 _aJCT 1987
650 _aMANAGEMENT FEES
650 _aPRIME COST
690 _aBUILT ENVIRONMENT-BUILDING CONTRACT FORMS
700 _aChappell, D.
942 _n0
948 _c04/03/1997
999 _c10248
_d10248